[Event "EYCC Open-U18 2019"]
[Site "Bratislava"]
[Date "2019.08.06"]
[Round "5.18"]
[White "Chylewski, Patryk"]
[Black "Godzwon, Iwo"]
[Result "0-1"]
[WhiteElo "2376"]
[BlackElo "2285"]
[Annotator "NA"]
[PlyCount "82"]
[EventDate "2019.08.02"]
[EventType "swiss"]
[EventCountry "SVK"]
[SourceTitle "playchess.com"]
[Source "ChessBase"]
[SourceQuality "1"]
[TimeControl "40/5400+30:1800+30"]

1. d4 {[%emt 0:00:00]} Nf6 {[%emt 0:00:00]} 2. c4 {[%emt 0:00:00]} e6 {[%emt 0:00:00]} 3. Nf3 {[%emt 0:00:24]} Bb4+ {[%emt 0:00:00]} 4. Nbd2 {[%emt 0:00:43]} O-O {[%emt 0:00:00]} 5. a3 {[%emt 0:00:19]} Be7 {[%emt 0:00:02]} 6. e4 {[%emt 0:00:39]} d6 {[%emt 0:00:07]} 7. b3 {[%emt 0:05:52]} e5 {[%emt 0:00:04]} 8. Bb2 {[%emt 0:01:43]} exd4 {[%emt 0:01:22]} 9. Nxd4 {[%emt 0:00:50]} Re8 {[%emt 0:14:56]} 10. Be2 {[%emt 0:06:52]} Bd7 {[%emt 0:04:56]} 11. O-O {[%emt 0:04:36]} Nc6 {[%emt 0:00:07]} 12. Qc2 {[%emt 0:01:51]} Nxd4 {[%emt 0:02:10]} 13. Bxd4 {[%emt 0:01:37]} Bc6 {[%emt 0:01:45]} 14. f4 {[%emt 0:09:38]} Nd7 {[%emt 0:12:31]} 15. Rae1 {[%emt 0:01:39]} Bf6 {[%emt 0:11:15]} 16. Bf2 {[%emt 0:01:10]} a5 {[%emt 0:00:41]} 17. Bf3 {[%emt 0:05:08]} Nf8 {[%emt 0:08:51]} 18. Bg4 {[%emt 0:18:17]} Ne6 {[%emt 0:03:58]} 19. g3 {[%emt 0:03:52]} Bd7 {[%emt 0:04:29]} 20. Bxe6 {[%emt 0:05:54]} Rxe6 {[%emt 0:07:42]} 21. Re2 {[%emt 0:03:27]} Bc6 {[%emt 0:01:03]} 22. Rfe1 {[%emt 0:00:48]} Qd7 {[%emt 0:01:02]} 23. Qd3 {[%emt 0:04:13]} Rae8 {[%emt 0:04:50]} 24. a4 {[%emt 0:03:30]} b6 {[%emt 0:00:52]} 25. Nf3 {[%emt 0:05:35]} Qe7 {[%emt 0:01:07]} 26. Nd2 {[%emt 0:01:47]} g6 {[%emt 0:00:34]} 27. Re3 {[%emt 0:02:13]} Bb2 {[%emt 0:03:50]} 28. R3e2 {[%emt 0:07:22]} f5 {[%emt 0:00:27]} 29. Qc2 {[%emt 0:00:50]} Bf6 {[%emt 0:00:27]} 30. c5 {[%emt 0:02:24]} bxc5 {[%emt 0:01:15]} 31. e5 {[%emt 0:00:25]} dxe5 {[%emt 0:00:23]} 32. fxe5 {[%emt 0:01:18]} Qd7 {[%emt 0:00:49]} 33. Qxc5 {[%emt 0:00:38]} Be7 {[%emt 0:02:33]} 34. Qd4 {[%emt 0:00:18]} Bb4 {[%emt 0:02:45]} 35. Qxd7 {[%emt 0:00:33]} Bxd7 {[%emt 0:00:04]} 36. Bd4 {[%emt 0:00:45]} Rd8 {[%emt 0:00:17]} 37. Bb2 {[%emt 0:00:36]} Bc8 {[%emt 0:04:44]} 38. Bc1 {[%emt 0:00:34]} Ba6 {[%emt 0:00:06]} 39. Rg2 {[%emt 0:00:29]} Bc5+ {[%emt 0:00:04]} 40. Kh1 {[%emt 0:00:00]} Bb7 {[%emt 0:00:00]} 41. Nc4 {[%emt 0:01:10]} Rd3 {[%emt 0:01:10]} 0-1

[Event "EYCC Open-U18 2019"]
[Site "Bratislava"]
[Date "2019.08.06"]
[Round "5.19"]
[White "Parkhov, Yair"]
[Black "Kotau, Arseni"]
[Result "1/2-1/2"]
[WhiteElo "2354"]
[BlackElo "2227"]
[Annotator "NA"]
[PlyCount "45"]
[EventDate "2019.08.02"]
[EventType "swiss"]
[EventCountry "SVK"]
[SourceTitle "playchess.com"]
[Source "ChessBase"]
[SourceQuality "1"]
[TimeControl "40/5400+30:1800+30"]

1. d4 {[%emt 0:00:00]} Nf6 {[%emt 0:00:00]} 2. c4 {[%emt 0:00:00]} g6 {[%emt 0:00:00]} 3. Nc3 {[%emt 0:00:00]} Bg7 {[%emt 0:00:00]} 4. e4 {[%emt 0:00:00]} d6 {[%emt 0:00:00]} 5. Be2 {[%emt 0:00:00]} O-O {[%emt 0:00:00]} 6. Be3 {[%emt 0:00:00]} c5 {[%emt 0:00:00]} 7. d5 {[%emt 0:00:06]} e6 {[%emt 0:00:04]} 8. Nf3 {[%emt 0:00:05]} exd5 {[%emt 0:00:09]} 9. cxd5 {[%emt 0:00:06]} b5 {[%emt 0:00:04]} 10. e5 {[%emt 0:00:15]} Ng4 {[%emt 0:00:05]} 11. Bg5 {[%emt 0:00:16]} Qb6 {[%emt 0:00:08]} 12. exd6 {[%emt 0:00:54]} b4 {[%emt 0:00:18]} 13. Ne4 {[%emt 0:00:56]} Nd7 {[%emt 0:00:36]} 14. Nfd2 {[%emt 0:01:29]} Ngf6 {[%emt 0:00:19]} 15. Nc4 {[%emt 0:04:03]} Qb8 {[%emt 0:00:33]} 16. Bxf6 {[%emt 0:02:13]} Bxf6 {[%emt 0:23:07]} 17. O-O {[%emt 0:02:29]} Re8 {[%emt 0:06:19]} 18. Qc2 {[%emt 0:10:49]} Ba6 {[%emt 0:03:36]} 19. Bg4 {[%emt 0:03:41]} Rxe4 {[%emt 0:23:02]} 20. Qxe4 {[%emt 0:00:49]} Nb6 {[%emt 0:01:08]} 21. Be2 {[%emt 0:17:29]} Bxc4 {[%emt 0:00:58]} 22. Bxc4 {[%emt 0:00:08]} Bxb2 {[%emt 0:00:23]} 23. Rad1 {[%emt 0:19:41]} 1/2-1/2

[Event "EYCC Open-U18 2019"]
[Site "Bratislava"]
[Date "2019.08.06"]
[Round "5.20"]
[White "Maksimovic, Bojan"]
[Black "Santryan, Davit"]
[Result "1-0"]
[WhiteElo "2326"]
[BlackElo "2167"]
[Annotator "NA"]
[PlyCount "95"]
[EventDate "2019.08.02"]
[EventType "swiss"]
[EventCountry "SVK"]
[SourceTitle "playchess.com"]
[Source "ChessBase"]
[SourceQuality "1"]
[TimeControl "40/5400+30:1800+30"]

1. e4 {[%emt 0:00:00]} e5 {[%emt 0:00:35]} 2. Nf3 {[%emt 0:00:00]} Nc6 {[%emt 0:00:07]} 3. Bb5 {[%emt 0:00:00]} a6 {[%emt 0:00:46]} 4. Ba4 {[%emt 0:00:03]} Nf6 {[%emt 0:00:07]} 5. O-O {[%emt 0:00:12]} Be7 {[%emt 0:01:28]} 6. Re1 {[%emt 0:00:09]} b5 {[%emt 0:00:22]} 7. Bb3 {[%emt 0:00:02]} d6 {[%emt 0:00:53]} 8. c3 {[%emt 0:00:13]} O-O {[%emt 0:00:07]} 9. h3 {[%emt 0:00:06]} Nb8 {[%emt 0:00:18]} 10. d4 {[%emt 0:00:09]} Nbd7 {[%emt 0:00:05]} 11. Nbd2 {[%emt 0:00:07]} Bb7 {[%emt 0:00:08]} 12. Bc2 {[%emt 0:00:07]} Re8 {[%emt 0:00:27]} 13. Nf1 {[%emt 0:00:05]} Bf8 {[%emt 0:00:05]} 14. Ng3 {[%emt 0:00:07]} g6 {[%emt 0:00:40]} 15. a4 {[%emt 0:00:21]} c5 {[%emt 0:00:45]} 16. d5 {[%emt 0:01:11]} c4 {[%emt 0:01:30]} 17. Bg5 {[%emt 0:00:41]} h6 {[%emt 0:05:02]} 18. Be3 {[%emt 0:00:08]} Nc5 {[%emt 0:01:09]} 19. Qd2 {[%emt 0:07:59]} h5 {[%emt 0:06:46]} 20. Ng5 {[%emt 0:05:06]} Bg7 {[%emt 0:03:53]} 21. Rf1 {[%emt 0:08:34]} Rf8 {[%emt 0:07:40]} 22. Kh1 {[%emt 0:24:03]} Rb8 {[%emt 0:13:04]} 23. Ne2 {[%emt 0:05:40]} Qc7 {[%emt 0:09:56]} 24. f4 {[%emt 0:09:16]} exf4 {[%emt 0:06:26]} 25. Rxf4 {[%emt 0:00:28]} Qe7 {[%emt 0:03:58]} 26. Raf1 {[%emt 0:11:16]} Ncd7 {[%emt 0:06:03]} 27. Nd4 {[%emt 0:08:36]} Rbe8 {[%emt 0:10:47]} 28. R4f3 {[%emt 0:08:01]} Ne5 {[%emt 0:05:23]} 29. R3f2 {[%emt 0:00:19]} Nd3 {[%emt 0:02:46]} 30. Bxd3 {[%emt 0:00:10]} cxd3 {[%emt 0:00:07]} 31. Bf4 {[%emt 0:00:58]} Nxe4 {[%emt 0:05:05]} 32. Nxe4 {[%emt 0:00:10]} Qxe4 {[%emt 0:00:03]} 33. Bxd6 {[%emt 0:00:42]} Bxd5 {[%emt 0:00:32]} 34. Bxf8 {[%emt 0:00:14]} Bxf8 {[%emt 0:00:29]} 35. axb5 {[%emt 0:01:29]} axb5 {[%emt 0:01:35]} 36. Rd1 {[%emt 0:04:22]} Bd6 {[%emt 0:01:34]} 37. Nf3 {[%emt 0:02:34]} Qe3 {[%emt 0:04:55]} 38. Re1 {[%emt 0:03:01]} Bf4 {[%emt 0:00:47]} 39. Rxe3 {[%emt 0:00:13]} Rxe3 {[%emt 0:00:23]} 40. Qd1 {[%emt 0:00:00]} Bg3 {[%emt 0:00:00]} 41. Rf1 {[%emt 0:03:07]} Be4 {[%emt 0:02:01]} 42. Ng1 {[%emt 0:06:25]} Bh4 {[%emt 0:05:19]} 43. Rf4 {[%emt 0:01:53]} Bg5 {[%emt 0:02:46]} 44. Rxe4 {[%emt 0:00:17]} Rxe4 {[%emt 0:00:03]} 45. Nf3 {[%emt 0:00:15]} d2 {[%emt 0:01:06]} 46. Nxd2 {[%emt 0:00:17]} Re6 {[%emt 0:00:43]} 47. Nf3 {[%emt 0:00:08]} Bf4 {[%emt 0:00:06]} 48. Qd8+ {[%emt 0:00:39]} 1-0

[Event "EYCC Open-U18 2019"]
[Site "Bratislava"]
[Date "2019.08.06"]
[Round "5.21"]
[White "Garayev, Kanan"]
[Black "Anghelus, Alin-Gabriel"]
[Result "0-1"]
[WhiteElo "2351"]
[BlackElo "2107"]
[Annotator "NA"]
[PlyCount "112"]
[EventDate "2019.08.02"]
[EventType "swiss"]
[EventCountry "SVK"]
[SourceTitle "playchess.com"]
[Source "ChessBase"]
[SourceQuality "1"]
[TimeControl "40/5400+30:1800+30"]

1. d4 {[%emt 0:00:00]} d5 {[%emt 0:00:00]} 2. Nf3 {[%emt 0:00:00]} e6 {[%emt 0:00:13]} 3. c4 {[%emt 0:03:20]} a6 {[%emt 0:01:33]} 4. cxd5 {[%emt 0:00:37]} exd5 {[%emt 0:00:09]} 5. Nc3 {[%emt 0:00:04]} c6 {[%emt 0:00:14]} 6. e4 {[%emt 0:00:15]} dxe4 {[%emt 0:00:06]} 7. Ng5 {[%emt 0:00:07]} h6 {[%emt 0:00:05]} 8. Ngxe4 {[%emt 0:00:53]} Nf6 {[%emt 0:02:47]} 9. Bd3 {[%emt 0:00:46]} Be6 {[%emt 0:04:18]} 10. O-O {[%emt 0:04:01]} Nbd7 {[%emt 0:02:34]} 11. Bf4 {[%emt 0:04:18]} Be7 {[%emt 0:03:30]} 12. Nd6+ {[%emt 0:08:11]} Bxd6 {[%emt 0:00:09]} 13. Bxd6 {[%emt 0:00:05]} Nb6 {[%emt 0:00:15]} 14. Bc5 {[%emt 0:02:38]} Qc7 {[%emt 0:01:18]} 15. a4 {[%emt 0:02:59]} Nbd5 {[%emt 0:03:08]} 16. a5 {[%emt 0:08:00]} Ng4 {[%emt 0:04:29]} 17. g3 {[%emt 0:01:09]} Nf4 {[%emt 0:01:25]} 18. Qf3 {[%emt 0:06:43]} Nxd3 {[%emt 0:07:59]} 19. Qxd3 {[%emt 0:01:48]} Nf6 {[%emt 0:01:03]} 20. f4 {[%emt 0:02:21]} g6 {[%emt 0:03:18]} 21. d5 {[%emt 0:05:47]} Nxd5 {[%emt 0:01:16]} 22. Nxd5 {[%emt 0:00:42]} cxd5 {[%emt 0:01:30]} 23. Rfc1 {[%emt 0:09:52]} Rc8 {[%emt 0:02:21]} 24. Qd4 {[%emt 0:02:28]} Rg8 {[%emt 0:01:01]} 25. Rc3 {[%emt 0:03:34]} Kd7 {[%emt 0:04:33]} 26. Re1 {[%emt 0:03:14]} Qxa5 {[%emt 0:02:30]} 27. b4 {[%emt 0:02:32]} Qd8 {[%emt 0:01:51]} 28. Bb6 {[%emt 0:07:45]} Qe7 {[%emt 0:01:42]} 29. Rce3 {[%emt 0:00:52]} Rc6 {[%emt 0:06:21]} 30. Bc5 {[%emt 0:12:00]} Qd8 {[%emt 0:03:15]} 31. Re5 {[%emt 0:00:45]} Kc7 {[%emt 0:02:09]} 32. Rc1 {[%emt 0:01:01]} Qd7 {[%emt 0:04:04]} 33. Ree1 {[%emt 0:00:35]} b5 {[%emt 0:02:38]} 34. Ra1 {[%emt 0:01:32]} Kb7 {[%emt 0:00:13]} 35. Ra3 {[%emt 0:01:04]} h5 {[%emt 0:00:21]} 36. Re2 {[%emt 0:01:21]} Re8 {[%emt 0:01:39]} 37. Rae3 {[%emt 0:01:12]} Rec8 {[%emt 0:00:31]} 38. Ra2 {[%emt 0:00:30]} Qc7 {[%emt 0:05:07]} 39. Rea3 {[%emt 0:01:03]} Rxc5 {[%emt 0:02:08]} 40. bxc5 {[%emt 0:00:00]} Qxc5 {[%emt 0:00:00]} 41. Qxc5 {[%emt 0:00:10]} Rxc5 {[%emt 0:00:14]} 42. Rxa6 {[%emt 0:00:22]} d4 {[%emt 0:00:57]} 43. Ra1 {[%emt 0:05:09]} Rc3 {[%emt 0:02:18]} 44. Rd6 {[%emt 0:03:07]} d3 {[%emt 0:00:24]} 45. Kf2 {[%emt 0:01:10]} Kc7 {[%emt 0:00:06]} 46. Rd4 {[%emt 0:01:31]} Kc6 {[%emt 0:00:22]} 47. Ke3 {[%emt 0:01:12]} Bc4 {[%emt 0:01:41]} 48. Rd8 {[%emt 0:03:36]} Rc2 {[%emt 0:01:00]} 49. Rd1 {[%emt 0:03:33]} Rxh2 {[%emt 0:02:34]} 50. Kd4 {[%emt 0:02:09]} Kc7 {[%emt 0:04:10]} 51. Ra8 {[%emt 0:00:44]} Kd6 {[%emt 0:02:33]} 52. Ra6+ {[%emt 0:05:18]} Ke7 {[%emt 0:00:14]} 53. Rb6 {[%emt 0:01:30]} Rg2 {[%emt 0:00:19]} 54. Ke5 {[%emt 0:01:24]} Re2+ {[%emt 0:00:17]} 55. Kd4 {[%emt 0:00:04]} Kf8 {[%emt 0:00:16]} 56. Rg1 {[%emt 0:01:18]} d2 {[%emt 0:01:44]} 0-1

[Event "EYCC Open-U18 2019"]
[Site "Bratislava"]
[Date "2019.08.06"]
[Round "5.22"]
[White "Zabolotnov, Evgeny"]
[Black "Miesbauer, Jan"]
[Result "1/2-1/2"]
[WhiteElo "2284"]
[BlackElo "2409"]
[Annotator "NA"]
[PlyCount "46"]
[EventDate "2019.08.02"]
[EventType "swiss"]
[EventCountry "SVK"]
[SourceTitle "playchess.com"]
[Source "ChessBase"]
[SourceQuality "1"]
[TimeControl "40/5400+30:1800+30"]

1. Nf3 {[%emt 0:00:00]} Nf6 {[%emt 0:00:00]} 2. c4 {[%emt 0:00:00]} e6 {[%emt 0:00:14]} 3. d4 {[%emt 0:00:23]} d5 {[%emt 0:00:06]} 4. Nc3 {[%emt 0:00:10]} a6 {[%emt 0:00:54]} 5. cxd5 {[%emt 0:00:37]} exd5 {[%emt 0:00:07]} 6. Bg5 {[%emt 0:01:23]} Be6 {[%emt 0:00:29]} 7. e3 {[%emt 0:01:25]} Nbd7 {[%emt 0:00:31]} 8. Bd3 {[%emt 0:00:58]} Bd6 {[%emt 0:00:26]} 9. O-O {[%emt 0:00:37]} O-O {[%emt 0:00:49]} 10. Qc2 {[%emt 0:03:06]} h6 {[%emt 0:00:42]} 11. Bf4 {[%emt 0:01:14]} Qe7 {[%emt 0:01:09]} 12. Rac1 {[%emt 0:03:09]} Rfe8 {[%emt 0:02:16]} 13. Bxd6 {[%emt 0:02:01]} Qxd6 {[%emt 0:00:16]} 14. Na4 {[%emt 0:01:15]} c6 {[%emt 0:01:19]} 15. Nc5 {[%emt 0:04:49]} Nxc5 {[%emt 0:02:42]} 16. Qxc5 {[%emt 0:00:10]} Qxc5 {[%emt 0:01:49]} 17. Rxc5 {[%emt 0:00:06]} Ne4 {[%emt 0:01:07]} 18. Bxe4 {[%emt 0:13:07]} dxe4 {[%emt 0:00:06]} 19. Nd2 {[%emt 0:00:00]} Bd5 {[%emt 0:00:52]} 20. Nc4 {[%emt 0:03:39]} Rab8 {[%emt 0:00:48]} 21. Nd2 {[%emt 0:01:16]} f5 {[%emt 0:14:18]} 22. b3 {[%emt 0:02:31]} Re6 {[%emt 0:06:24]} 23. Rc2 {[%emt 0:01:22]} Rf8 {[%emt 0:10:32]} 1/2-1/2

[Event "EYCC Open-U18 2019"]
[Site "Bratislava"]
[Date "2019.08.06"]
[Round "5.23"]
[White "Leisch, Lukas"]
[Black "Veleshnja, Zino"]
[Result "1/2-1/2"]
[WhiteElo "2327"]
[BlackElo "2131"]
[Annotator "NA"]
[PlyCount "103"]
[EventDate "2019.08.02"]
[EventType "swiss"]
[EventCountry "SVK"]
[SourceTitle "playchess.com"]
[Source "ChessBase"]
[SourceQuality "1"]
[TimeControl "40/5400+30:1800+30"]

1. c4 {[%emt 0:00:00]} Nf6 {[%emt 0:00:00]} 2. Nc3 {[%emt 0:00:00]} g6 {[%emt 0:00:00]} 3. e4 {[%emt 0:00:00]} d6 {[%emt 0:00:00]} 4. d4 {[%emt 0:00:00]} Bg7 {[%emt 0:00:00]} 5. Nf3 {[%emt 0:00:00]} O-O {[%emt 0:00:00]} 6. Be2 {[%emt 0:00:04]} e5 {[%emt 0:00:09]} 7. d5 {[%emt 0:00:06]} a5 {[%emt 0:00:57]} 8. Bg5 {[%emt 0:00:13]} Na6 {[%emt 0:01:29]} 9. Nd2 {[%emt 0:00:25]} Qe8 {[%emt 0:01:59]} 10. O-O {[%emt 0:04:05]} h6 {[%emt 0:00:37]} 11. Be3 {[%emt 0:01:00]} Bd7 {[%emt 0:00:21]} 12. b3 {[%emt 0:01:15]} Nh7 {[%emt 0:05:27]} 13. a3 {[%emt 0:00:40]} f5 {[%emt 0:00:29]} 14. f3 {[%emt 0:00:08]} f4 {[%emt 0:02:18]} 15. Bf2 {[%emt 0:00:04]} g5 {[%emt 0:01:30]} 16. b4 {[%emt 0:01:36]} Nf6 {[%emt 0:18:11]} 17. c5 {[%emt 0:05:22]} Qg6 {[%emt 0:01:39]} 18. c6 {[%emt 0:02:47]} bxc6 {[%emt 0:03:17]} 19. dxc6 {[%emt 0:00:06]} Be6 {[%emt 0:01:28]} 20. b5 {[%emt 0:00:42]} Nb8 {[%emt 0:09:43]} 21. Bc4 {[%emt 0:02:36]} Bxc4 {[%emt 0:04:04]} 22. Nxc4 {[%emt 0:00:07]} g4 {[%emt 0:01:48]} 23. Bh4 {[%emt 0:08:11]} g3 {[%emt 0:08:51]} 24. h3 {[%emt 0:02:30]} Ne8 {[%emt 0:05:09]} 25. Qd5+ {[%emt 0:07:10]} Kh7 {[%emt 0:05:43]} 26. Rfd1 {[%emt 0:02:53]} Rf7 {[%emt 0:05:15]} 27. Rac1 {[%emt 0:04:30]} Bf8 {[%emt 0:01:36]} 28. b6 {[%emt 0:05:49]} cxb6 {[%emt 0:04:13]} 29. Nb5 {[%emt 0:00:45]} Na6 {[%emt 0:03:46]} 30. Nbxd6 {[%emt 0:06:58]} Nxd6 {[%emt 0:00:40]} 31. Nxd6 {[%emt 0:01:35]} Bxd6 {[%emt 0:00:39]} 32. Qxd6 {[%emt 0:00:08]} Qxd6 {[%emt 0:04:14]} 33. Rxd6 {[%emt 0:00:05]} b5 {[%emt 0:03:53]} 34. Rd5 {[%emt 0:03:47]} Nc7 {[%emt 0:02:17]} 35. Rxe5 {[%emt 0:01:18]} b4 {[%emt 0:00:15]} 36. a4 {[%emt 0:02:05]} Ra6 {[%emt 0:01:04]} 37. Kf1 {[%emt 0:06:45]} b3 {[%emt 0:01:08]} 38. Ke2 {[%emt 0:00:50]} b2 {[%emt 0:00:26]} 39. Rb1 {[%emt 0:00:06]} Rxc6 {[%emt 0:00:28]} 40. Rxb2 {[%emt 0:00:00]} Ne6 {[%emt 0:00:00]} 41. Rxa5 {[%emt 0:04:18]} Kg6 {[%emt 0:11:14]} 42. Rd5 {[%emt 0:02:56]} Rfc7 {[%emt 0:02:47]} 43. a5 {[%emt 0:04:14]} Rc1 {[%emt 0:03:44]} 44. Rb6 {[%emt 0:06:28]} R7c2+ {[%emt 0:05:27]} 45. Rd2 {[%emt 0:00:17]} Kf7 {[%emt 0:02:28]} 46. Rb7+ {[%emt 0:03:39]} Kg6 {[%emt 0:00:10]} 47. Rbd7 {[%emt 0:11:40]} Rc3 {[%emt 0:00:32]} 48. Rd1 {[%emt 0:02:43]} R1c2+ {[%emt 0:02:09]} 49. R7d2 {[%emt 0:06:05]} Nd4+ {[%emt 0:02:09]} 50. Ke1 {[%emt 0:00:26]} Rxd2 {[%emt 0:02:05]} 51. Rxd2 {[%emt 0:05:54]} Nc2+ 52. Ke2 1/2-1/2

[Event "EYCC Open-U18 2019"]
[Site "Bratislava"]
[Date "2019.08.06"]
[Round "5.24"]
[White "Iliaguev, Nisim"]
[Black "Brozyna, Mateusz"]
[Result "1/2-1/2"]
[WhiteElo "2357"]
[BlackElo "2258"]
[Annotator "NA"]
[PlyCount "80"]
[EventDate "2019.08.02"]
[EventType "swiss"]
[EventCountry "SVK"]
[SourceTitle "playchess.com"]
[Source "ChessBase"]
[SourceQuality "1"]
[TimeControl "40/5400+30:1800+30"]

1. c4 {[%emt 0:00:00]} e5 {[%emt 0:00:00]} 2. g3 {[%emt 0:00:00]} Nf6 {[%emt 0:00:00]} 3. Bg2 {[%emt 0:00:00]} c6 {[%emt 0:00:02]} 4. Nc3 {[%emt 0:01:07]} d5 {[%emt 0:00:26]} 5. cxd5 {[%emt 0:00:04]} cxd5 {[%emt 0:00:07]} 6. d4 {[%emt 0:00:08]} exd4 {[%emt 0:01:03]} 7. Qxd4 {[%emt 0:01:53]} Nc6 {[%emt 0:00:08]} 8. Qd1 {[%emt 0:05:10]} d4 {[%emt 0:05:39]} 9. Ne4 {[%emt 0:00:33]} Bf5 {[%emt 0:05:32]} 10. Nxf6+ {[%emt 0:01:55]} Qxf6 {[%emt 0:00:08]} 11. Nf3 {[%emt 0:02:30]} Bc5 {[%emt 0:07:44]} 12. O-O {[%emt 0:01:57]} h6 {[%emt 0:01:23]} 13. Nd2 {[%emt 0:04:23]} O-O {[%emt 0:08:46]} 14. Ne4 {[%emt 0:00:26]} Qe7 {[%emt 0:00:59]} 15. Nxc5 {[%emt 0:00:30]} Qxc5 {[%emt 0:00:07]} 16. b3 {[%emt 0:07:12]} Rfe8 {[%emt 0:06:00]} 17. Bb2 {[%emt 0:02:25]} Rad8 {[%emt 0:05:51]} 18. Rc1 {[%emt 0:01:06]} Qb5 {[%emt 0:02:36]} 19. Re1 {[%emt 0:07:37]} Bg4 {[%emt 0:07:34]} 20. Rc4 {[%emt 0:01:50]} Qa5 {[%emt 0:14:16]} 21. Bxc6 {[%emt 0:06:19]} bxc6 {[%emt 0:00:43]} 22. b4 {[%emt 0:00:21]} Qxa2 {[%emt 0:03:45]} 23. Rxd4 {[%emt 0:00:30]} Rd5 {[%emt 0:00:43]} 24. Qd2 {[%emt 0:17:21]} Qc4 {[%emt 0:06:36]} 25. Rxd5 {[%emt 0:10:13]} cxd5 {[%emt 0:02:50]} 26. f3 {[%emt 0:00:18]} Bf5 {[%emt 0:03:03]} 27. Kf2 {[%emt 0:02:45]} Rb8 {[%emt 0:02:02]} 28. Bc3 {[%emt 0:00:22]} d4 {[%emt 0:07:49]} 29. Qxd4 {[%emt 0:03:04]} Qxd4+ {[%emt 0:00:06]} 30. Bxd4 {[%emt 0:00:03]} Rxb4 {[%emt 0:00:08]} 31. Bxa7 {[%emt 0:00:06]} Rb1 {[%emt 0:00:20]} 32. Rxb1 {[%emt 0:00:33]} Bxb1 {[%emt 0:00:07]} 33. e4 {[%emt 0:00:03]} f5 {[%emt 0:00:41]} 34. e5 {[%emt 0:00:18]} Kf7 {[%emt 0:00:22]} 35. Ke3 {[%emt 0:00:20]} Ke6 {[%emt 0:01:07]} 36. Kd4 {[%emt 0:01:09]} Ba2 {[%emt 0:00:27]} 37. Bc5 {[%emt 0:00:12]} g6 {[%emt 0:00:43]} 38. Bf8 {[%emt 0:00:36]} h5 {[%emt 0:02:56]} 39. Bg7 {[%emt 0:00:20]} Bd5 {[%emt 0:00:21]} 40. Ke3 {[%emt 0:00:00]} Ba2 {[%emt 0:00:00] Ke4 Kxe5+} 1/2-1/2

[Event "EYCC Open-U18 2019"]
[Site "Bratislava"]
[Date "2019.08.06"]
[Round "5.25"]
[White "Papp, Levente"]
[Black "Garanin, Aleksei"]
[Result "1-0"]
[WhiteElo "2362"]
[BlackElo "2192"]
[Annotator "NA"]
[PlyCount "65"]
[EventDate "2019.08.02"]
[EventType "swiss"]
[EventCountry "SVK"]
[SourceTitle "playchess.com"]
[Source "ChessBase"]
[SourceQuality "1"]
[TimeControl "40/5400+30:1800+30"]

1. g3 {[%emt 0:00:00]} Nf6 {[%emt 0:00:00]} 2. Bg2 {[%emt 0:00:00]} g6 {[%emt 0:00:00]} 3. c4 {[%emt 0:00:00]} Bg7 {[%emt 0:00:00]} 4. Nc3 {[%emt 0:00:00]} O-O {[%emt 0:00:00]} 5. e4 {[%emt 0:00:00]} e5 {[%emt 0:02:31]} 6. Nge2 {[%emt 0:00:00]} d6 {[%emt 0:04:53]} 7. O-O {[%emt 0:00:14]} c6 {[%emt 0:00:43]} 8. d3 {[%emt 0:00:05]} Nh5 {[%emt 0:02:45]} 9. Be3 {[%emt 0:01:27]} Be6 {[%emt 0:00:24]} 10. h3 {[%emt 0:05:13]} f5 {[%emt 0:04:19]} 11. exf5 {[%emt 0:00:45]} gxf5 {[%emt 0:00:07]} 12. f4 {[%emt 0:00:05]} Nd7 {[%emt 0:02:09]} 13. Qd2 {[%emt 0:05:45]} Kh8 {[%emt 0:04:35]} 14. Rad1 {[%emt 0:10:38]} Rg8 {[%emt 0:03:49]} 15. Kh2 {[%emt 0:04:00]} Qe8 {[%emt 0:01:55]} 16. Rg1 {[%emt 0:10:20]} Qg6 {[%emt 0:04:48]} 17. d4 {[%emt 0:21:33]} Bf6 {[%emt 0:16:24]} 18. Bh1 {[%emt 0:02:41]} e4 {[%emt 0:01:32]} 19. d5 {[%emt 0:00:29]} cxd5 {[%emt 0:00:07]} 20. Nxd5 {[%emt 0:09:38]} Rad8 {[%emt 0:02:11]} 21. Nd4 {[%emt 0:06:50]} Bxd5 {[%emt 0:00:18]} 22. cxd5 {[%emt 0:00:01]} Nc5 {[%emt 0:02:13]} 23. g4 {[%emt 0:04:06]} fxg4 {[%emt 0:00:31]} 24. hxg4 {[%emt 0:00:02]} Ng7 {[%emt 0:07:17]} 25. f5 {[%emt 0:00:19]} Be5+ {[%emt 0:00:17]} 26. Kh3 {[%emt 0:00:12]} Nxf5 {[%emt 0:12:21]} 27. Nxf5 {[%emt 0:00:27]} h5 {[%emt 0:00:01]} 28. Bxc5 {[%emt 0:02:25]} hxg4+ {[%emt 0:01:04]} 29. Kg2 {[%emt 0:00:04]} Qxf5 {[%emt 0:02:41]} 30. Qh6+ {[%emt 0:00:10]} Qh7 {[%emt 0:00:03]} 31. Qxh7+ {[%emt 0:00:06]} Kxh7 {[%emt 0:00:02]} 32. Bd4 {[%emt 0:00:53]} Bf4 {[%emt 0:00:48]} 33. Kf2 {[%emt 0:01:43]} 1-0

[Event "EYCC Open-U18 2019"]
[Site "Bratislava"]
[Date "2019.08.06"]
[Round "5.26"]
[White "Jakab, Bela"]
[Black "Nordquelle, Daniel"]
[Result "0-1"]
[WhiteElo "2278"]
[BlackElo "2181"]
[Annotator "NA"]
[PlyCount "80"]
[EventDate "2019.08.02"]
[EventType "swiss"]
[EventCountry "SVK"]
[SourceTitle "playchess.com"]
[Source "ChessBase"]
[SourceQuality "1"]
[TimeControl "40/5400+30:1800+30"]

1. e4 {[%emt 0:00:00]} c5 {[%emt 0:00:00]} 2. Nf3 {[%emt 0:00:00]} d6 {[%emt 0:00:00]} 3. Bb5+ {[%emt 0:00:00]} Nd7 {[%emt 0:00:00]} 4. O-O {[%emt 0:00:00]} a6 {[%emt 0:01:40]} 5. Bd3 {[%emt 0:00:00]} Ngf6 {[%emt 0:00:07]} 6. c3 {[%emt 0:00:13]} g6 {[%emt 0:02:28]} 7. Bc2 {[%emt 0:00:21]} Bg7 {[%emt 0:00:06]} 8. d4 {[%emt 0:00:26]} Qc7 {[%emt 0:10:30]} 9. Re1 {[%emt 0:02:20]} e5 {[%emt 0:00:35]} 10. a4 {[%emt 0:03:01]} b6 {[%emt 0:02:35]} 11. Nbd2 {[%emt 0:06:10]} cxd4 {[%emt 0:12:42]} 12. cxd4 {[%emt 0:00:06]} O-O {[%emt 0:00:05]} 13. b3 {[%emt 0:04:30]} Bb7 {[%emt 0:12:18]} 14. Ba3 {[%emt 0:10:36]} exd4 {[%emt 0:07:55]} 15. Rc1 {[%emt 0:02:30]} Rfe8 {[%emt 0:04:03]} 16. Nxd4 {[%emt 0:03:17]} d5 {[%emt 0:12:14]} 17. exd5 {[%emt 0:03:48]} Nxd5 {[%emt 0:02:06]} 18. Bxg6 {[%emt 0:20:35]} Qf4 {[%emt 0:08:04]} 19. Rxe8+ {[%emt 0:03:39]} Rxe8 {[%emt 0:00:27]} 20. g3 {[%emt 0:00:30]} Qxf2+ {[%emt 0:03:35]} 21. Kxf2 {[%emt 0:03:44]} Bxd4+ {[%emt 0:00:05]} 22. Kf3 {[%emt 0:01:41]} Re3+ {[%emt 0:12:26]} 23. Kg4 {[%emt 0:03:09]} Ne5+ {[%emt 0:02:32]} 24. Kg5 {[%emt 0:02:43]} f6+ {[%emt 0:00:35]} 25. Kh6 {[%emt 0:04:59]} hxg6 {[%emt 0:00:17]} 26. Nc4 {[%emt 0:00:04]} Rd3 {[%emt 0:02:58]} 27. Qe2 {[%emt 0:00:39]} Be3+ {[%emt 0:01:14]} 28. Nxe3 {[%emt 0:00:07]} Nxe3 {[%emt 0:00:00]} 29. Qxe3 {[%emt 0:02:48]} Rxe3 {[%emt 0:00:06]} 30. Rc7 {[%emt 0:00:05]} Ng4+ {[%emt 0:01:23]} 31. Kxg6 {[%emt 0:00:05]} Be4+ {[%emt 0:00:06]} 32. Kh5 {[%emt 0:00:15]} Nxh2 {[%emt 0:00:14]} 33. Bd6 {[%emt 0:01:36]} Rd3 {[%emt 0:00:34]} 34. Bf4 {[%emt 0:01:00]} Rd5+ {[%emt 0:00:30]} 35. Kh4 {[%emt 0:00:06]} Bf3 {[%emt 0:00:40]} 36. g4 {[%emt 0:00:17]} Nxg4 {[%emt 0:00:11]} 37. Rc3 {[%emt 0:00:48]} Bd1 {[%emt 0:00:29]} 38. Rc6 {[%emt 0:00:05]} Rd4 {[%emt 0:00:29]} 39. Kg3 {[%emt 0:01:18]} Rd3+ {[%emt 0:00:07]} 40. Kh4 {[%emt 0:00:00]} Rxb3 {[%emt 0:00:00]} 0-1